The power broker: Robert Moses and the fall of New York

Saved in:
Bibliographic Details
Main Author: Caro, Robert A (Author)
Format: Book
Language:English
Published: Nueva York Vintage Books 1975
Edition:1a. ed
Subjects:
Tags: Add Tag
No Tags, Be the first to tag this record!

MARC

LEADER 00000cam a2200000 a 4500
001 UCC0241
003 CL-VaPUC
008 170721e19750900us |||||||||||||||||eng|d
020 |a 0394720245 
082 0 4 |a 720  |b CAR  |2 21 
100 0 |a Caro, Robert A  |e author  |9 594152 
245 1 4 |a The power broker: Robert Moses and the fall of New York 
250 |a 1a. ed 
300 |a 1246 p 
942 |c BK 
945 |d 20170721 23:48:00  |a arojas 
260 |a Nueva York  |b Vintage Books  |c 1975 
650 0 |a Arquitectura estadounidense   |9 370610 
650 0 |a Arquitectos estadounidenses   |9 444325 
650 0 |a Arquitectura moderna  |9 265021 
583 |a last modification  |c 20170721 23:48:00  |k Rodrigo Vera 
999 |c 369128  |d 369126 
952 |0 0  |1 0  |3 erb  |4 0  |6 720_000000000000000_CAR_1975  |7 0  |8 A  |9 484686  |a BIBARQ  |b BIBARQ  |i 5410924  |o 720 CAR 1975  |p 5410924  |r 2025-01-20  |w 2019-11-24  |y BK  |z Catalogado en:20170721  |k ARQ